000 00823nma a22002177a 4500
005 20210325201736.0
006 g q ||
008 s2550 th tha d
041 _atha
090 _aCD1218
100 0 _aปิยะ นากสงค์
245 1 0 _aVisio 2007 ฉบับสมบูรณ์ [CD-ROM]
260 3 _aกรุงเทพฯ :
_bซัคเซส มีเดีย,
_c2550
300 _a1 แผ่น :
_b sd., col.
650 0 4 _aไมโครซอฟท์ออฟฟิต (โปรแกรมคอมพิวเตอร์)
650 0 4 _aวิสิโอ (โปรแกรมคอมพิวเตอร์)
850 _aNALT
942 _cCD
997 _c000000000053549
_kVC
998 _aนางสุกัญญา กัลยา
999 _c53549
_d53549